000 00738nam a2200253Ia 4500
003 OSt
005 20220926022412.0
006 a|||||r|||| 00| 0
007 ta
008 220923b |||||||| |||| 00| 0 eng d
037 _cGeneral Book
040 _aRTL
_cRTL
_beng
041 _2eng
_aeng
082 _aX:9.1,hN19, L1
100 _aJenks C. Wilfred
245 0 _aInternational Labour Organization in the United Na
260 _aNew York
_bUnited Nations U. S. A.
_c1971
300 _a48p.
_ccm.
490 _aUNITAR Lecture series, 3.
650 _a Personnel Management
_929105
650 _aLabour Economics
_921364
942 _hX:9.1,hN19, L1
_cGB
_2CC
999 _c639368
_d639368